It looks like you're offline.
Open Library logo
additional options menu

MARC record from Internet Archive

LEADER: 01123cam 2200313 a 4500
001 o11783797
003 SIRSI
005 19971011214534.0
008 850208s1903 ctuaf 001^0 eng
010 $a 84212674 //r85
019 $a4911184
040 $aDLC$cDLC
043 $an-us-ct
049 $aIMFA
050 0 $aF104.H3$bC35 1903
082 0 $a929.5/09746/3$219
092 $a974.602$bH25a
110 1 $aCedar Hill Cemetery (Hartford, Conn.)
245 10 $aCedar Hill Cemetery, Hartford Connecticut, 1863-1903.
260 $aHartford, Conn. :$bThe Cemetery,$c1903.
300 $a56 p., [13] leaves of plates (some folded) :$bill. ;$c24 cm.
500 $aIncludes indexes.
650 0 $aRegisters of births, etc.$zConnecticut$zHartford.
651 0 $aCedar Hill Cemetery (Hartford, Conn.)$xHistory.
651 0 $aHartford (Conn.)$xGenealogy.
913 00 $aCEDCHCH99000
949 $a974.602 H25ha$wDEWEY$hGEN-87$i31833000751252$e09/27/1991$p33.24
596 $a16
999 $a974.602 H25HA$wDEWEY$c1$i31833000751252$d12/11/1998$e9/27/1991$lGENEALOGY$mGENEALOGY$p$33.24$rN$sY$tBOOK$u12/11/1998$x87$zADULT$0N_FICTION